000 01208nam a2200325 i 4500
003 EG-GICUC
005 20260419134017.0
008 260419s2007 ua ||||fr|||| 00| 0 ara d
017 _a7394/2006
_d2007
020 _a977- 04 - 4744 - 7
040 _a EG-GICUC
_bara
_c EG-GICUC
_d EG-GICUC
_erda
041 _aara
_hara
082 0 4 _221
_a 345.451
_bس ن . ض
092 0 4 _221
099 _aLaw1 07 345.451 س ن . ض 2007
100 1 _aسعد نواف العنزي
_eAuthor.
245 1 2 _aالضمانات الاجرائيه فى التاديب :
_bدراسه مقارنه /
_cسعد نواف العنزي .
264 1 _aالاسكندرايه :
_bدار المطبوعات الجامعيه,
_c2007.
300 _a611صفحة
_bإيضاحيات، صور، مثيليات ؛
_c24 سم
336 _2rda content
_atext
337 _2rda media
_aComputer
338 _2rda carrier
_aOnline Resource
504 _a. 240-220 ببليوجرافيا: صفحات.
546 _aالنص باللغة العربية
650 1 4 _aالسلطات التاديبية
_2qrmak
651 1 _2qrmak
856 4 0 _uhttps://fll.law.cu.edu.eg/B07-01541/bks/test.pdf
905 _a163
942 _2ddc
_cBK
_e21
_n0
999 _c71950
_d71950